| 000 | 00538nam a22001571cc4500 | ||
|---|---|---|---|
| 001 | a75534+1 | ||
| 035 | _aa75534 | ||
| 008 | 170707s1951 gw |||| 000u fre d | ||
| 245 | 0 | 0 |
_aHistoire du mouvement anarchiste en France (1880-1914) _n1 _pHistoire du mouvement anarchiste en France (1880-1914) |
| 264 |
_aParis, _c1951 |
||
| 246 | 1 | 2 |
_aHistoire du mouvement anarchiste en France (1880-1914). Histoire du mouvement anarchiste en France (1880-1914) _n1 |
| 773 | 0 | 8 |
_wa75534 _q1 |
| 942 | _cMG | ||
| 040 | _cRU-10907106 | ||
| 003 | RU-10907106 | ||
| 999 |
_c26364 _d26364 |
||